LAW OF CONTRACT IN EAST AFRICA (Record no. 8629)

MARC details
000 -LEADER
fixed length control field 00367nam a22001337a 4500
008 - FIXED-LENGTH DATA ELEMENTS--GENERAL INFORMATION
fixed length control field 190619b xxu||||| |||| 00| 0 eng d
020 ## - INTERNATIONAL STANDARD BOOK NUMBER
International Standard Book Number 9966-44-331-2
082 ## - DEWEY DECIMAL CLASSIFICATION NUMBER
Classification number 346.02 HOD
100 ## - MAIN ENTRY--PERSONAL NAME
Personal name HODGIN, R.W.
245 ## - TITLE STATEMENT
Title LAW OF CONTRACT IN EAST AFRICA
Statement of responsibility, etc R.W. HODGIN
260 ## - PUBLICATION, DISTRIBUTION, ETC. (IMPRINT)
Place of publication, distribution, etc Kenya
Name of publisher, distributor, etc Kenya Literature Bureau
Date of publication, distribution, etc 2007
300 ## - PHYSICAL DESCRIPTION
Extent xxxiii, 317p. : 18cm.
942 ## - ADDED ENTRY ELEMENTS (KOHA)
Source of classification or shelving scheme Dewey Decimal Classification
Item type Books
Holdings
Withdrawn status Lost status Source of classification or shelving scheme Damaged status Not for loan Home library Current library Shelving location Date acquired Total Checkouts Full call number Barcode Date last seen Copy number Price effective from Koha item type
    Dewey Decimal Classification     Law Development Centre Main Library Law Development Centre Main Library Text Books and Laws 06/19/2019   346.02 HOD 032/019 06/19/2019 1 06/19/2019 Books
    Dewey Decimal Classification     Law Development Centre Main Library Law Development Centre Main Library Text Books and Laws 06/19/2019   346.02 HOD 033/019 06/19/2019 2 06/19/2019 Books
    Dewey Decimal Classification     Law Development Centre Main Library Law Development Centre Main Library Text Books and Laws 06/19/2019   346.02 HOD 034/019 06/19/2019 3 06/19/2019 Books
    Dewey Decimal Classification     Law Development Centre Main Library Law Development Centre Main Library Text Books and Laws 06/19/2019   346.02 HOD 035/019 06/19/2019 4 06/19/2019 Books